Organic Chemistry /

Enregistré dans:
Détails bibliographiques
Auteur principal: McMurry, John (Auteur)
Format: Livre
Publié: Monterey : Brooks/Cole, 1984
Tags: Ajouter un tag
Pas de tags, Soyez le premier à ajouter un tag!

MARC

LEADER 00000nam a22000003a 4500
001 stu20394
005 20150617225749.5
008 ------s1984----uk----------------------d
040 |a STU  |b slo 
041 0
044 |a uk 
080 |a 547.1 
100 1 |a McMurry, John  |4 aut 
245 1 |a Organic Chemistry /  |c [aut.]McMurry,John 
260 |a Monterey :  |b Brooks/Cole,  |c 1984 
300 |a 1167 s :  |b Tab.,grafy,index 
996 |b C78541  |c C*78541  |l CCIV  |s P  |a 0  |w stu20394_0001